000 00520nam a2200205Ia 4500
001 12137
003 GE_BSU
008 181216s||||||||xx |||||||||||||| ||und||
020 _a139780312296209
040 _cGE_BSU
100 _aBreuning,Marijke.
245 _aForeign Policy Analysis:AComparative Introduction.
260 _aNew York.
260 _bPalgrave macmillan.
260 _c2007
300 _a207p.23cm.
541 _h74ლ.
653 _aForeign Policy Analysis:AComparative Introduction.
942 _cBK
999 _c45313
_d45313